| 000 | 00396nam a22001577a 4500 | ||
|---|---|---|---|
| 082 |
_a780.954 87 _bTHY/E |
||
| 100 | _aThyagarajan | ||
| 245 |
_aEver green: _blyrics and notations of carnatic classical songs/ _cby Thyagarajan |
||
| 250 | _a3rd | ||
| 260 |
_aChennai: _bSN Publications, _c2013. |
||
| 300 | _a62p. | ||
| 650 | _aCarnatic Music | ||
| 650 | _aMusic | ||
| 650 | _aArts | ||
| 942 | _cBK | ||
| 999 |
_c56011 _d56011 |
||